000 00288nam a2200121Ia 4500
008 191201s2014 xx 000 0 und d
100 _aJAGADEESH,T.R.
245 0 _aDesign of Bridge Structures
260 _aN. delhi
_bPHI
_c2014
300 _a342
650 _aB.Tech(CE)
942 _2ddc
_cBK
999 _c6515
_d6515